Một phút với Steve Jobs 77 triết lý truyền cảm hứng của "phù thuỷ công nghệ

Tập hợp những câu nói triết lý của Steve Jobs với những câu nói bất hủ về cuộc sống cũng như công việc giúp bạn đọc cảm nhận được ý nghĩa và tư duy của ông trong cuộc đời quản lý lãnh đạo của mình...

Popoln opis

Shranjeno v:
Bibliografske podrobnosti
Glavni avtor: Kuwabara Teruya
Drugi avtorji: Ninh, Thị Nhân Văn
Format: Knjiga
Jezik:Undetermined
Izdano: H. Phụ nữ 2019
Teme:
Online dostop:http://lrc.tdmu.edu.vn/opac/search/detail.asp?aID=2&ID=40532
Oznake: Označite
Brez oznak, prvi označite!
Thư viện lưu trữ: Trung tâm Học liệu Trường Đại học Thủ Dầu Một
LEADER 01139nam a2200229Ia 4500
001 TDMU_40532
008 210410s9999 xx 000 0 und d
082 |a 796.334092 
090 |b K522 
100 |a Kuwabara Teruya 
245 0 |a Một phút với Steve Jobs 
245 0 |b 77 triết lý truyền cảm hứng của "phù thuỷ công nghệ 
245 0 |c Kuwabara Teruya; Ninh Thị Nhân Văn dịch 
260 |a H. 
260 |b Phụ nữ 
260 |c 2019 
300 |a 199tr. 
520 |a Tập hợp những câu nói triết lý của Steve Jobs với những câu nói bất hủ về cuộc sống cũng như công việc giúp bạn đọc cảm nhận được ý nghĩa và tư duy của ông trong cuộc đời quản lý lãnh đạo của mình 
650 |a Jobs, Steve  |c Doanh nhân  |d 1955-2011  |z Mỹ; Kinh doanh  |x Quản lý  |x Bí quyết thành công 
700 |a Ninh, Thị Nhân Văn 
856 |u http://lrc.tdmu.edu.vn/opac/search/detail.asp?aID=2&ID=40532 
980 |a Trung tâm Học liệu Trường Đại học Thủ Dầu Một